00823nam a22002177a 450000500170000001000150001702000270003203500140005903700130007308200110008624501190009726000380021627000820025430000200033650000430035670000190039970000190041894200250043799900190046295201240048120180626153437.0 aENG-123241 a9789380651552c1250.00 aEN-106773 bDBAD/PUB a250.95 aBuddhism in East Asia:cedited by Shanker Thapa [and] Anita Sharmabcontinuity and changes in the great tradition/ aDelhibVidyanidhi Prakashanc2013 aPlot no.26,D-10/1061,(Near Sri Mahagauri Mandir) Khajuri Khas,bDelhie110094 a258p.c21cm(Hb) ait includes bibliographical references aThapa, Shanker aSharma, Anita 2ddccENmTHAh250.95 c152750d152750 001040718NFICaDBADbLd2018-06-15eDBAD/PUBg1250.00l0o250.95 THApEN-106773r2018-06-15 00:00:00t1v1250.00yEN